000 00674cam a22002053a 4500
001 39321
003 PGUSA
005 20140828083856.0
008 120401s2012||||xxu|||||s|||||000 | eng d
040 _aPGUSA
_beng
042 _adc
100 1 _aWalker, Charles Edward,
_d-1953
245 1 0 _aOld Flies in New Dresses :
_bHow to Dress Dry Flies with the Wings in the Natural Position and Some New Wet Flies
_h[electronic resource] /
_cCharles Edward Walker
260 _bProject Gutenberg,
_c2012
506 _aPublic domain in the USA.
516 _aElectronic text
830 0 _aProject Gutenberg
_v39321
856 4 0 _uhttp://www.gutenberg.org/ebooks/39321
942 _cEB
999 _c268574
_d268574